000 00514nam a2200181Ia 4500
003 OSt
005 20200903100901.0
008 190216s9999||||xx |||||||||||||| ||und||
020 _a9788120333314
040 _coclc
082 _a531.076
_bARU/C
100 _aAruldhas, G
_94106
245 0 _aClassical Mechanics /
_cG Aruldhas
260 _bPrentice Hall Of India Pvt Ltd,
_aNew Delhi:
_c2008.
300 _a360p
650 _aPhysics
942 _cBK
_2ddc
_h531.076
_iARU/C
_k531.076
_mARU/C
999 _c34128
_d34128